Coventry City Squad 2024-2025 - Statistics

General Stats
  • This quiz has been taken 89 times
  • The average score is 21 of 31
Answer Stats
# Position Nation Player % Correct
11 FW United States Haji Wright
97%
4 DF England Bobby Thomas
89%
23 FW Ghana Brandon Thomas-Asante
87%
7 MF Japan Tatsuhiro Sakamoto
87%
9 FW England Ellis Simms
84%
5 MF England Jack Rudoni
84%
1 GK Sweden Oliver Dovin
84%
- Coach England Frank Lampard
81%
3 DF Wales Jay Dasilva
81%
13 GK England Ben Wilson
79%
15 DF England Liam Kitching
79%
29 MF Denmark Victor Torp
77%
10 FW England Ephron Mason-Clark
76%
6 MF England Matt Grimes
73%
8 MF England Jamie Allen
71%
27 DF Netherlands Milan van Ewijk
71%
37 FW Belgium Norman Bassette
69%
14 MF England Ben Sheaf
68%
40 GK England Brad Collins
68%
28 MF England Josh Eccles
66%
21 DF England Jake Bidwell
65%
2 DF England Luis Binks
65%
22 DF Jamaica Joel Latibeaudiere
61%
30 FW Portugal Fábio Tavares
58%
- Coach England Mark Robins
53%
17 FW Australia Raphael Borges Rodrigues
47%
12 MF England Jamie Paterson
40%
44 GK Wales Cian Tyler
31%
32 MF Scotland Jack Burroughs
31%
- Coach Wales Rhys Carr
29%
25 MF Wales Ryan Howley
24%
No matching quizzes found
Score Distribution
Percent of People with Each Score
Percentile by Number Answered
Your Score History
You have not taken this quiz